|
|
|
|
| LEADER |
00000naa2a2200000 4500 |
| 001 |
532918 |
| 005 |
20231101113012.0 |
| 035 |
|
|
|a (RuTPU)RU\TPU\prd\220349
|
| 035 |
|
|
|a RU\TPU\tpu\6879
|
| 090 |
|
|
|a 532918
|
| 100 |
|
|
|a 20140619b1958 k y0rusy50 ca
|
| 101 |
0 |
|
|a rus
|
| 102 |
|
|
|a RU
|
| 200 |
1 |
|
|a Температура и усадка стружки при резании (металлов) с применением смазочно-охлаждающих жидкостей
|f Б. М. Орлов
|
| 461 |
|
0 |
|0 (RuTPU)RU\TPU\prd\848
|t Научные доклады высшей школы. Машиностроение и приборостроение
|o научный журнал
|f СССР, Министерство высшего и среднего специального образования
|d 1958-1959
|
| 463 |
|
0 |
|0 (RuTPU)RU\TPU\prd\220344
|t № 1
|v С. 135-140
|d 1958
|
| 610 |
1 |
|
|a машиностроение
|
| 610 |
1 |
|
|a труды учёных ТПУ
|
| 610 |
1 |
|
|a машиноведение
|
| 610 |
1 |
|
|a резание
|
| 610 |
1 |
|
|a металлы
|
| 610 |
1 |
|
|a обработка
|
| 700 |
|
1 |
|a Орлов
|b Б. М.
|
| 801 |
|
0 |
|a RU
|b 63413507
|c 20011210
|g PSBO
|
| 801 |
|
2 |
|a RU
|b 63413507
|c 20180604
|g PSBO
|
| 942 |
|
|
|c BK
|